| 000 | 00726nam a2200229 a 4500 | ||
|---|---|---|---|
| 001 | 000025334 | ||
| 005 | 20200930023720.0 | ||
| 008 | 101216s2003 pr a r 000 | spa d | ||
| 020 | _a1932271163 | ||
| 040 |
_aDO-SdBNP _bspa _cBNPHU |
||
| 082 |
_axxxx _bG215q |
||
| 100 | 1 |
_aGarcía Ríos , Cedar I. _98924 |
|
| 245 | 1 | 0 |
_aLos quitones de Puerto Rico / _cCedar I. García Ríos. |
| 260 |
_aSan Juan, Puerto Rico : _bIsla Negra , _c2003. |
||
| 300 |
_a208 p. ; _c23 cm. |
||
| 490 | _aLa Biblioteca de Darwin | ||
| 490 | 1 | _aAcademia Contemporánea | |
| 500 | _aBibliografía : p. 198-208 | ||
| 500 | _aIncluye glosario : p. 190-197 | ||
| 830 | 0 |
_aAcademia Contemporánea _917694 |
|
| 830 | 3 |
_aLa Biblioteca de Darwin _951887 |
|
| 999 |
_c24826 _d24826 |
||